LEADER 01626nam a2200349 u 4500 001 000000000194 003 CaOOAMICUS 005 20150921174312.0 008 940513s1988 it u000 u ita u 020 $a8837213433 035 $a10002695 040 $aPUL(R)$bita 100 1 $aSeckler, Max,$d1927-$0(OLS)http://pul/name/137 245 10$aTeologia, scienza, chiesa :$bsaggi di teologia fondamentale /$cMax Seckler ; a cura e con introduzione di Gianfranco Coffele. 260 $aBrescia :$bMorcelliana,$c1988. 300 $a290 p.$c23 cm 500 $aTraduzione di Giuseppe Zorzi. 504 $aContiene indicazione bibliografiche. 650 4$aTeologia fondamentale.$0(OLS)http://pul/subject/146 650 4$aReligione e scienza.$0(OLS)http://pul/subject/147 700 1 $aCoffele, Gianfranco,$cS.D.B.$0(OLS)http://pul/name/138 850 $aPUL 852 $aPUL$W1$xSL Religione 1$y3$m58 C 56$j127$nBK-PRI$b $qStampati$B127$CPULBib$Z2$F127 $H $81 852 $aPUL$W1$xDP1 Fondo Bordoni$y120$m3 N 94$j168620$qFondi$B175413$CPULBib$Z2$F175413 $HBor772 $81 852 $aPUL$W1$xDP1 Fondo S. Lanza$y121$m3 P 90$j168857$qFondi$B169494$CPULBib$Z2$F169494 $HLAN2328 $82 941 1 $a8 941 1 $a1 961 $aINV: 60965 961 $aNota ms. di possesso: Sergio Lanza 996 $6020$a8837213433$9(OLS)http://pul/number/157 996 $6245$aTeologia, scienza, chiesa :$bsaggi di teologia fondamentale$9(OLS)http://pul/title/171 996 $6260$aBrescia :$bMorcelliana$9(OLS)http://pul/publisher/47854 LEADER 01282nam a2200325 a 4500 001 000000129281 003 CaOOAMICUS 005 20120613110854.0 008 120613s2012 it u000 u ita r 020 $a978-88-217-3790-9 040 $aPUL$bita 082 04$a346.45 245 00$aFamiglia /$ca cura di Carlo Rimini. 260 $aMilano :$bIpsoa,$cİ2012. 300 $aXV, 426 p. ;$c24 cm 490 1 $aItinera. Guide giuridiche 500 $aSul front.: Famiglia e successioni. 500 $aSul front.: Studio Rimini. 500 $aSul front.: Ipsoa, una tradizione di innovazione. Da 40 anni. 650 4$aDiritto di famiglia$zItalia.$0(OLS)http://pul/subject/38585 700 1 $aRimini, Carlo.$0(OLS)http://pul/name/50261 830 0$aItinera$pGuide giuridiche (Ipsoa).$0(OLS)http://pul/title/156852 850 $aPUL 852 $aPUL$W1$xSL Diritto e Scienze Sociali 3$y79$m346. 45 RIMCA 1$j149705$qDDC 21$B148227$CPULBib$Z2$F148227 $H119920 $82 941 1 $a9 996 $6020$a978-88-217-3790-9$9(OLS)http://pul/number/149996 996 $6082$a346.45$9(OLS)http://pul/classification/372 996 $6245$aFamiglia$9(OLS)http://pul/title/21069 996 $6260$aMilano :$bIpsoa$9(OLS)http://pul/publisher/67046